LEADER 01221nam a2200253 u 4500 001 000000039577 003 CaOOAMICUS 005 20070226114015.0 008 980515s1844 it u000 u ita u 035 $a10794850 040 $aPUL(R)$bita 041 1 $aita$hfre 100 1 $aDuranton, Alexandre.$0(OLS)http://pul/name/29419 245 10$aCorso di diritto civile secondo il Codice francese /$copera del professore Duranton ; nuova versione italiana ... del professore Pasquale Liberatore. 260 $aNapoli :$bCapasso,$c1844. 300 $av. ;$c26 cm 500 $a"Note ed osservazioni risguardanti la legislazione civile delle Due Sicile e con confronti delle LL. civili della Toscana e del Regno Lombardo-Veneto". 650 4$aDiritto civile$zFrancia.$0(OLS)http://pul/subject/3574 700 1 $aLiberatore, Pasquale,$d1763-1842.$0(OLS)http://pul/name/16777 850 $aPUL 852 $aPUL$W1$xDP1 Antico 800$y27$m172 H 40$j53848$nBK-PRI$b $qStampati Antico$B53848$CPULBib$Z2$F53848 $H $81 941 1 $a15 996 $6245$aCorso di diritto civile secondo il Codice francese$9(OLS)http://pul/title/53567 996 $6260$aNapoli :$bCapasso$9(OLS)http://pul/publisher/63760